| Tag |
First Indicator |
Second Indicator |
Subfields |
| LEADER |
00000cam a2200000 4500 |
| 001 |
in00000704921 |
| 005 |
20151016053932.0 |
| 008 |
790303s1903 enkbd 00010 eng |
| 010 |
|
|
|a 03028949
|
| 035 |
|
|
|a (OCoLC)04709494
|
| 035 |
|
|
|9 ADC2504AM
|
| 040 |
|
|
|a DLC
|c CLE
|d TXA
|d UtOrBLW
|
| 049 |
|
|
|a TXAM
|c [1644]
|
| 050 |
|
0 |
|a HF1025
|b .C54
|
| 092 |
|
|
|a 910
|b C542h4
|
| 100 |
1 |
|
|a Chisholm, Geo. G.
|q (George Goudie),
|d 1850-1930.
|
| 245 |
1 |
0 |
|a Handbook of commercial geography /
|c by Geo. G. Chisholm.
|
| 250 |
|
|
|a 4th cor. ed., rev. throughout and greatly extended.
|
| 264 |
|
1 |
|a London,
|a New York [etc.] :
|b Longmans, Green, and co.,
|c 1903.
|
| 300 |
|
|
|a xlvi, 639 pages including maps, charts :
|b double maps. ;
|c 23 cm.
|
| 336 |
|
|
|a text
|b txt
|2 rdacontent
|
| 337 |
|
|
|a unmediated
|b n
|2 rdamedia
|
| 338 |
|
|
|a volume
|b nc
|2 rdacarrier
|
| 650 |
|
0 |
|a Commercial geography.
|
| 650 |
|
0 |
|a Commercial products.
|
| 999 |
|
|
|a MARS
|
| 999 |
f |
f |
|s 849c63f7-a88e-3576-9893-389bb1085a10
|i bde0b2a8-af19-3bc4-ba30-b366c92bfb79
|t 0
|
| 952 |
f |
f |
|p ric
|a Texas A&M University
|b Rellis Campus
|c Joint Library Facility
|d Remote Storage
|t 0
|e HF1025 C54
|h Library of Congress classification
|i unmediated -- volume
|m A14826705510
|
| 998 |
f |
f |
|a HF1025 C54
|t 0
|l Remote Storage
|